000 00351nam a2200145 i 4500
001 bg
100 1 _aWLADIMIROW, W. S.
245 0 _aUrawnienija matematiceskoj fiziki /
_cW.S. Wladimirow.
250 _aWyd.2 popr. i uzup.
260 _aMoskwa,
_c1971.
040 _cBPK
041 _apol
942 _cKS
008 s pl f |000 0 pol
999 _c9280
_d9280
856 _uhttp://koha.tu.koszalin.pl/cgi-bin/koha/opac-detail.pl?biblionumber=9280
_yKatalog online BPK